000 00578nam a2200181 i 4500
001 21116
003 ES-MaACL
005 20230906152424.0
007 t|
008 021121s1931 xxu ||||1| spa d
100 1 _aAchelis, Elisabeth.
_918265
245 1 3 _aEl Calendario mundial /
_cpor Elisabeth Achelis ; traducido del inglés por Antonio González.
250 _a2ª ed.
260 _aNew York :
_bThe World Calendar Association,
_c[1931] (
_fThe International Press)
300 _a31 p. ;
_c20 cm.
700 1 _aGonzález, Antonio.
_958289
852 _aES-MaACL
_j1751-F-2
999 _c21116
_d21116